Animals / (Record no. 202636)

MARC details
000 -LEADER
fixed length control field 01514nam a2200301 ia4500
005 - DATE AND TIME OF LATEST TRANSACTION
control field 20260108140746.0
008 - FIXED-LENGTH DATA ELEMENTS--GENERAL INFORMATION
fixed length control field 260107t20222022uk a ar 000 0 eng d
020 ## - INTERNATIONAL STANDARD BOOK NUMBER
International Standard Book Number 9781835150542
Terms of availability RM59.90
Qualifying information paperback
040 ## - CATALOGING SOURCE
Original cataloging agency PPAK
Language of cataloging eng
Transcribing agency PPAK
Description conventions rda
082 04 - DEWEY DECIMAL CLASSIFICATION NUMBER
Edition number 23
Classification number 428.1
090 00 - LOCALLY ASSIGNED LC-TYPE CALL NUMBER (OCLC); LOCAL CALL NUMBER (RLIN)
Classification number (OCLC) (R) ; Classification number, CALL (RLIN) (NR) 428.1
Feature heading ANI
Feature heading K
245 00 - TITLE STATEMENT
Title Animals /
Statement of responsibility, etc. Illustrations by Jordan Wray
264 #1 - PRODUCTION, PUBLICATION, DISTRIBUTION, MANUFACTURE, AND COPYRIGHT NOTICE
Place of production, publication, distribution, manufacture Thaxted, United Kingdom :
Name of producer, publisher, distributor, manufacturer Miles Kelly Publishing Ltd.,
Date of production, publication, distribution, manufacture, or copyright notice 2022
Date of production, publication, distribution, manufacture, or copyright notice ©2022
300 ## - PHYSICAL DESCRIPTION
Extent 48 pages :
Other physical details colour illustrations ;
Dimensions 24 x 24 cm
336 ## - CONTENT TYPE
Content type term text
Source rdacontent
337 ## - MEDIA TYPE
Media type term unmediated
Source rdamedia
338 ## - CARRIER TYPE
Carrier type term volume
Source rdacarrier
490 1# - SERIES STATEMENT
Series statement Wonderful Words
520 ## - SUMMARY, ETC.
Summary, etc. Little ones will love discovering the names of all sorts of animal friends with this delightful book of words. With lots to talk about on every page children will adore the brightness and detail in this book. Simple prompts and questions boost engagement and every animal is clearly labelled to help build vocabulary and introduce new words. • Introduce children to a variety of animal-related vocabulary • Themed pages explore familiar places and environments • Bright, engaging illustrations • Additional questions throughout help prompt little readers’ curiosity.
521 0# - TARGET AUDIENCE NOTE
Target audience note Reading Age: 3+
650 10 - SUBJECT ADDED ENTRY--TOPICAL TERM
Topical term or geographic name entry element Vocabulary
Topical term or geographic name entry element English language
General subdivision Usage
Topical term or geographic name entry element English language
General subdivision Grammar
700 1# - ADDED ENTRY--PERSONAL NAME
Personal name Wray, Jordan,
Relator term illustrator.
830 #0 - SERIES ADDED ENTRY--UNIFORM TITLE
Uniform title Wonderful words
942 ## - ADDED ENTRY ELEMENTS (KOHA)
Source of classification or shelving scheme Dewey Decimal Classification
Koha item type Book
Holdings
Withdrawn Not for loan Current library Shelving location Date acquired Total Checkouts Full call number Barcode Date last seen Koha item type
    Perpustakaan Alor Setar Pinjaman Kanak-kanak 26/01/2026   K 428.1 ANI A01889236 26/01/2026 Book
    Perpustakaan Awam Sungai Petani Pinjaman Kanak-kanak 26/01/2026   K 428.1 ANI A01889237 26/01/2026 Book
    Perpustakaan Baling Pinjaman Kanak-kanak 26/01/2026   K 428.1 ANI A01889241 26/01/2026 Book
    Perpustakaan Bandar Baharu Pinjaman Kanak-kanak 26/01/2026   K 428.1 ANI A01889242 26/01/2026 Book
    Perpustakaan Jitra Pinjaman Kanak-kanak 26/01/2026   K 428.1 ANI A01889238 26/01/2026 Book
    Perpustakaan Kuala Nerang Pinjaman Kanak-kanak 26/01/2026   K 428.1 ANI A01889246 26/01/2026 Book
    Perpustakaan Kulim Pinjaman Kanak-kanak 26/01/2026   K 428.1 ANI A01889240 26/01/2026 Book
    Perpustakaan Langkawi Pinjaman Kanak-kanak 26/01/2026   K 428.1 ANI A01889239 26/01/2026 Book
    Perpustakaan Merbok Pinjaman Kanak-kanak 26/01/2026   K 428.1 ANI A01889243 26/01/2026 Book
    Perpustakaan Pendang Pinjaman Kanak-kanak 26/01/2026   K 428.1 ANI A01889247 26/01/2026 Book
    Perpustakaan Sik Pinjaman Kanak-kanak 26/01/2026   K 428.1 ANI A01889245 26/01/2026 Book
    Perpustakaan Yan Pinjaman Kanak-kanak 26/01/2026   K 428.1 ANI A01889244 26/01/2026 Book